| 000 | 01919nab a2200217 i 4500 | ||
|---|---|---|---|
| 001 | 768714001 | ||
| 003 | CO-MdFUSB | ||
| 005 | 20240614101654.0 | ||
| 008 | 240614t2014 ck ||||| |||| 00| 0 spa d | ||
| 040 |
_bspa _cCO-MdFUSB _dCO-MdFUSB |
||
| 041 | _aspa | ||
| 100 |
_a Russeau Pupo, Buenaventura, _eautor |
||
| 245 | 1 |
_aUna mirada contemporánea de la cultura : _baperturas y nuevas visiones _c/ Buenaventura Russeau Pupo |
|
| 520 | _aEste artículo es una reflexión abordando el estudio de la especificidad de la cultura, su función como elemento de transformación, en correspondencia con los procesos de cambio que se operan de continuo en lo social, lo político, lo económico, lo científico-tecnológico, las comunicaciones y otras, al interior de la propia cultura. De modo que la sistematización de la cultura se concibe, se plasma y funciona en correspondencia con su praxis, así mismo, de continuo renovada. Se presentan diferentes posiciones epistemológicas y filosóficas que obligan a considerar que el sujeto social, es constructor de su autodesarrollo, para señalar que el ámbito restringido de las ciencias sociales, necesita ampliar las reflexiones, estudiar al ser humano desde su esencia social, sus interacciones y comportamientos. Los métodos que se emplearon en este estudio se sustentan bajo el paradigma hermenéutico, que permitió estructurar los métodos teóricos y empíricos, los teóricos son: histórico lógico, inducción-deducción, análisis-síntesis, sistémico-estructural. | ||
| 650 | 7 |
_aAntropología cultural y social _96714 |
|
| 650 | 7 |
_aCiencias sociales _97078 |
|
| 650 | 7 |
_aIdentidad (Psicología) _9299 |
|
| 773 | 0 |
_070182 _982765 _dBarranquilla - Medellín, Colombia : _oR2640 _tPensamiento Americano _w(CO-MdFUSB)768714001 _gVolumen 7, (número 12, 2014) páginas: 22 - 33 _qpágina: 22 |
|
| 942 | _cANA | ||
| 945 | _aCatherine Arias Álvarez - Practicante SENA | ||
| 999 |
_c70207 _d70207 |
||